| 000 | 00356nam a22001571a 4500 | ||
|---|---|---|---|
| 020 | _a9788171787517 | ||
| 082 |
_aH3 _bBHA/U |
||
| 100 | _aBhagwan Singh | ||
| 245 |
_aUnmad/ _cby Bhagwan Singh |
||
| 260 |
_aNew Delhi: _bRajkamal, _c1999. |
||
| 300 | _a344p. | ||
| 650 | _aNovel Hindi | ||
| 650 | _aLiterature Hindi | ||
| 650 | _aLiterature | ||
| 942 | _cBK | ||
| 999 |
_c48190 _d48190 |
||